Economic report 2000/ 2001.
| Corporate Author: | |
|---|---|
| Format: | Book |
| Published: |
Kuala Lumpur:
Ministry of Finance,
2000.
|
| Subjects: |
| LEADER | 00456cam a2200157 7i4500 | ||
|---|---|---|---|
| 001 | 0000008610 | ||
| 005 | 20010104090000.0 | ||
| 022 | 0 | 0 | |a 01268171 |
| 090 | 0 | 0 | |a M 330.9 |b MIN |
| 110 | 1 | 0 | |a Ministry of Finance |
| 245 | 1 | 0 | |a Economic report 2000/ 2001. |
| 260 | 0 | 0 | |a Kuala Lumpur: |b Ministry of Finance, |c 2000. |
| 300 | # | # | |a 211 p. |
| 650 | 0 | 0 | |a Malaysia -- |x Economic conditions |
| 651 | 0 | 0 | |a Malaysia |
| 999 | |a B000012056 |b Annual Reports |c Malaysia |e Business Information Centre | ||